L'Arqueologia i la nostra història : deu anys d'excavacions arqueològiques de la Diputació de Barcelona : exposició : [Palau Güell, Barcelona, 28 d'abril-30 de maig 1983] deu anys d'excavacions arqueològiques de la Diputació de Barcelona :
Descripción Física:
63 p. : il., negre i col. ; 22 x 22 cm
MARC
| LEADER | 00000nam a2200000Ia 4500 | ||
|---|---|---|---|
| 001 | 2060 | ||
| 008 | 160829s9999 xx 000 0 cat d | ||
| 080 | |a H-1-150 | ||
| 245 | |a L'Arqueologia i la nostra història : |b deu anys d'excavacions arqueològiques de la Diputació de Barcelona : |b exposició : |b [Palau Güell, Barcelona, 28 d'abril-30 de maig 1983] | ||
| 260 | |a Barcelona : |b Diputació de Barcelona, Àrea de Cultura, DL 1983 | ||
| 300 | |a 63 p. : |b il., negre i col. ; |c 22 x 22 cm | ||
| 650 | |a Catalunya |x Arqueologia |x Exposicions |9 21914 | ||
| 650 | |a Excavacions arqueològiques |x Catalunya |x Exposicions |9 21915 | ||
| 710 | 1 | |a Barcelona (Catalunya : Província). |b Àrea de Cultura |9 53536 | |
| 901 | |a Arxiu | ||
| 942 | |n 1 | ||
| 952 | |0 0 |1 0 |4 0 |6 H1150 |7 1 |9 41929 |a Arxiu |b Arxiu |d 2016-12-01 |l 0 |o H-1-150 |p 2060 |r 2016-12-01 00:00:00 |w 2016-12-01 |y ARXIU | ||
| 999 | |c 44376 |d 44376 | ||